000 00481cam a2200145 4500500
005 20260329012959.0
041 _afre
042 _adc
100 1 0 _aFlipo, Claude
_eauthor
245 0 0 _aPierre Talec , En chemin , Desclée de Brouwer, 2004, 156 pages, 16 €
260 _c2005.
500 _a7
786 0 _nÉtudes | 402 | 2 | 2005-02-01 | p. XXVIII-XXVIII | 0014-1941
856 4 1 _uhttps://shs.cairn.info/revue-etudes-2005-2-page-XXVIII?lang=fr&redirect-ssocas=7080
999 _c1876127
_d1876127